000 00377nam a2200121Ia 4500
008 220615s9999||||xx |||||||||||||| ||und||
100 _aZainal Abidin Muchlisin
245 0 _aAquaculture
546 _aEnglish[eng]
650 _aLife Sciences||Agricultural and Biological Sciences||Mariculture||Aquaculture
856 _uhttps://www.intechopen.com/books/aquaculture
942 _cEB
999 _c8424
_d8424